Rapid Library ako prostriedok efektívneho spracovania a sprístupňovania informácií

Rozvoj informačných a komunikačných technológií a ich vplyv na štruktúru a úroveň automatizovaného knižnično-informačného systému SEK. Softvérový produkt firmy Cosmotron Systems - Rapid Library, moduly Rapid Library. Proces implementácie systému Rapid Library v súčinnosti s inováciou technickej a ko...

Descripción completa

Guardado en:
Detalles Bibliográficos
Autor principal: Radochová, Daniela
Formato: Capítulo de libro
Lenguaje:eslovaco
Materias:
Etiquetas: Agregar Etiqueta
Sin Etiquetas, Sea el primero en etiquetar este registro!

MARC

LEADER 00000naa$a2200000$$$4500
001 0030798
005 20221129080753.7
041 0 |a slo 
044 |a SK 
245 1 0 |a Rapid Library ako prostriedok efektívneho spracovania a sprístupňovania informácií  |c Daniela Radochová 
520 |a Rozvoj informačných a komunikačných technológií a ich vplyv na štruktúru a úroveň automatizovaného knižnično-informačného systému SEK. Softvérový produkt firmy Cosmotron Systems - Rapid Library, moduly Rapid Library. Proces implementácie systému Rapid Library v súčinnosti s inováciou technickej a komunikačnej infraštruktúry. Koncepčné a obsahové zmeny v procesoch spracovania a sprístupňovania kníh a seriálov. Budovanie špeciálnej virtuálnej knižnice. 
610 2 0 |a knižnice 
610 2 0 |a systémy informačné 
610 2 0 |a softvér 
610 2 0 |a programy aplikačné 
610 2 0 |a spracovanie dát 
610 2 0 |a periodiká 
610 2 0 |a knihy 
610 2 0 |a realita virtuálna 
610 2 0 |a Slovenská ekonomická knižnica Ekonomickej univerzity v Bratislave 
100 1 |a Radochová, Daniela